02126nam a22002897a 4500999001700000003000900017008004100026040007100067082001900138100007600157245006100233260009200294300002000386440006600406505075000472650001801222650002701240650002301267650002201290700008401312942001601396945000801412952010401420952010401524952010401628952010401732 c15316d15316AR-CdUCM190322b ||||| |||| 00| 0 spa d aMUNICIPALIDAD PROVINCIAL DEL CUSCOcBIBLIOTECA MUNICIPAL DEL CUSCO a985.008 /bC73 aComisión nacional del Sesquicentenario de la Independencia del Perú aQuinto congreso internacional de historia de América / aLima :bComisión nacional del Sesquicentenario de la Independencia del Perú,c1972. atomos ;c24 cm. aColección documental de la Independencia del Perú.923187 at.2: Tupac Amaru y la proyección de su pensamiento en Cadiz -- Levantamiento Tupacamarista 1783 -- El heroismo revolucionario de Micaela Bastidas --t.3: La política de gran Bretaña en el Rio de la Plata y su influencia en la revolución de Zela -- Carlos Pereyra y su pensamiento sobre la emncipación hispanoamericana -- El derecho de ciudadania aciva como reflejo de una ideologia emancipadora -- t.5: sesion compraratoria en el V concreso internacional de historia de America -- Tupac Amaru y la proyección de su pensamiento de Cadiz 1812 y Filadelfia -- El levantamiento Tupacamarista de 1783 t.4: Antonio de Andueza y Gregorio de Guinea -- Sin Bolivar y la division política de Perú -- Los peruanos al servicio de Venezuela... aCortes923188 aIntervenciones 923189 aindependencia9625 aColección92826 aDurand Flórez, Guillermo (investigación, recopilación y prólogo)923190 2ddccLIBROS awfj 002ddc4070aSCAbSCAcCARTd2019-04-26g60.00o985.008 / C73 /t.2pSCA0003424r2019-04-26yLIBROS 002ddc4070aSCAbSCAcCARTd2019-04-26g60.00o985.008 / C73 /t.4pSCA0003425r2019-04-26yLIBROS 002ddc4070aSCAbSCAcCARTd2019-04-29g60.00o985.008 / C73 /t.3pSCA0003631r2019-04-29yLIBROS 002ddc4070aSCAbSCAcCARTd2019-04-29g60.00o985.008 / C73 /t.5pSCA0003632r2019-04-29yLIBROS